| 000 | 03499cam a22004574a 4500 | ||
|---|---|---|---|
| 001 | muse13354 | ||
| 003 | MdBmJHUP | ||
| 005 | 20210127150936.0 | ||
| 006 | m o d | ||
| 007 | cr||||||||nn|n | ||
| 008 | 070814s2007 utu o 00 0 eng d | ||
| 010 | _z 2007033333 | ||
| 020 | _a9780874216844 | ||
| 020 | _z9780874216837 (cloth : alk. paper) | ||
| 035 | _a(OCoLC)461265297 | ||
| 040 |
_aMdBmJHUP _cMdBmJHUP |
||
| 050 | 0 | 4 |
_aGR71 _b.D88 2007 |
| 082 | 0 |
_a398.2 _222 |
|
| 100 | 1 | _aDundes, Alan. | |
| 245 | 1 | 4 |
_aMeaning of Folklore _bThe Analytical Essays of Alan Dundes / _cedited and introduced by Simon J. Bronner. |
| 264 | 1 | _bUtah State University Press, | |
| 264 | 3 | _bProject MUSE, | |
| 300 |
_a1 online resource (xv, 443 p.) : _bill. ; |
||
| 504 | _aIncludes bibliographical references and index. | ||
| 505 | 0 | _aFolklore as a mirror of culture -- The study of folklore in literature and culture: identification and interpretation -- Metafolkore and oral literary criticism -- From etic to emic units in the structural study of folktales ; postscript, the motif index and the tale-type index: a critique -- How Indic parallels to the ballad of the "walled-up wife" reveal the pitfalls of parochial nationalistic folkloristics -- Structuralism and folklore ; postscript, binary opposition in myth: the Propp/Levi Strauss debate in retrospect -- On game morphology: a study of the structure of non-verbal folklore -- The devolutionary premise in folklore theory -- Folk ideas as units of worldview ; postscript, worldview in folk narrative -- As the crow flies: a straightforward study of lineal worldview in American folk speech -- Much ado about "sweet bugger all": getting to the bottom of a puzzle in British folk speech -- Grouping lore--scientists and musicians: science in folklore--folklore in science? ; viola jokes--a study of second string humor -- Medical speech and professional identity--the Gomer--a figure of American hospital folk speech ; "when you hear hoofbeats, think horses, not zebras"--a folk medical diagnostic proverb -- Getting the folk and the lore together -- Gallus as phallus: a psychoanalytic cross-cultural consideration of the cockfight as fowl play -- The symbolic equivalence of allomotifs: towards a method of analyzing folktales -- Earth-diver: creation of the mythopoeic male ; postscript, madness in method plus a plea for projective inversion in myth -- Theses on feces: scatological analysis--the folklore of wishing wells ; here I sit--a study of American latrinalia ; the kushmaker -- The ritual murder or blood libel legend: a study of anti-Semitic victimization through projective inversion -- On the psychology of collecting folklore ; postscript, chain letter--a folk geometric progression. | |
| 506 | 0 |
_aOpen Access _fUnrestricted online access _2star |
|
| 588 | _aDescription based on print version record. | ||
| 650 | 0 | _aFolklore. | |
| 600 | 1 | 1 | _aDundes, Alan. |
| 655 | 7 |
_aElectronic books. _2local |
|
| 700 | 1 | _aBronner, Simon J. | |
| 710 | 2 |
_aProject Muse. _edistributor |
|
| 830 | 0 | _aBook collections on Project MUSE. | |
| 856 | 4 | 0 |
_zFull text available: _uhttps://muse.jhu.edu/book/9407/ |
| 945 | _aProject MUSE - Archive Global Cultural Studies Foundation | ||
| 945 | _aProject MUSE - Archive Complete Foundation | ||
| 999 |
_c24052 _d24052 |
||